|
|
|
|
| LEADER |
00000cam a2200000 a 4500 |
| 001 |
vtls008341380 |
| 003 |
SK-MaSNL |
| 005 |
20260301094512.0 |
| 008 |
230403s1956 xo f 000 0 slo |
| 015 |
|
|
|a SNBA1956/11-01470
|
| 035 |
|
|
|a SK01SNK19560033597
|
| 035 |
|
|
|a urn:nbn:sk:snk-am3hs9j
|
| 035 |
|
|
|a 2C8278A0-53AF-409C-82D2-E685FA2D453E
|
| 035 |
|
|
|a urn:nbn:sk:snk-am00d7gt
|
| 035 |
|
|
|a SKM000036060
|
| 040 |
|
|
|a SNK
|b slo
|c SNK
|e AACR2
|
| 041 |
0 |
|
|a slo
|
| 044 |
|
|
|a xo
|c SK
|
| 080 |
|
|
|a 616.33:613.2(041)
|2 1981
|
| 080 |
|
|
|a 613.2:616.33(041)
|2 1981
|
| 100 |
1 |
|
|a Ambrová, Vinicia,
|d 1907-1995
|4 aut
|9 80900
|
| 245 |
1 |
0 |
|a Diéta (1) šetriaca na liečenie kľudového štádia vredovej choroby a zdĺhavého žalúdočného kataru
|c vyprac.: V. Ambrová, A. Bučko, E. Rudašová
|
| 260 |
|
|
|a Bratislava
|b Výskumný ústav zdravotníckej osvety
|c 1956
|e Liptovský Mikuláš
|f Severoslovenské tlačiarne
|
| 300 |
|
|
|a 29, [1] s.
|c 8°
|
| 366 |
|
|
|e 20000 kusov
|
| 490 |
1 |
|
|a Diéty
|v zv. 1.
|
| 650 |
0 |
7 |
|a diéty
|2 SNKPH
|9 1802
|
| 650 |
0 |
7 |
|a príprava jedál
|2 SNKPH
|9 57003
|
| 650 |
0 |
7 |
|a choroby žalúdka
|2 SNKPH
|9 2546
|
| 650 |
0 |
7 |
|a peptický vred
|2 SNKPH
|9 66233
|
| 655 |
|
7 |
|a príručky
|2 SNKPH
|9 74364
|
| 655 |
|
7 |
|a zdravotnícka osveta
|2 SNKPH
|9 72803
|
| 700 |
1 |
|
|a Bučko, A.
|4 aut
|9 281477
|
| 700 |
1 |
|
|a Rudašová, Eva
|4 aut
|9 61917
|
| 830 |
|
0 |
|a Diéty
|9 378439
|
| 852 |
|
|
|a Slovenská národná knižnica
|
| 954 |
|
|
|a odborná, vedecká literatúra pôvodná (slovenská)
|2 lita
|
| 958 |
|
|
|a TL
|
| 958 |
|
|
|a RK
|
| 958 |
|
|
|a MI
|
| 958 |
|
|
|a BQ
|
| 958 |
|
|
|a OND
|
| 958 |
|
|
|a EUIPO
|
| 999 |
|
|
|c 680454
|d 682384
|
| 952 |
|
|
|a SNK
|b SNK
|y PREZ
|7 0
|p 17A0794795
|o snkSC 8539
|i snkKSP 3179/56
|0 0
|1 0
|4 0
|d 2012-03-12
|f 1
|l 0
|r 2025-07-09 00:00:00
|w 2026-02-23
|
| 952 |
|
|
|t P60, <04>, [BOOK], {604}
|a SNK
|b SNK
|y VYP
|7 0
|p 17A0268473
|o snkSC 8539 D1
|i snkKSP 3180/56
|0 0
|1 0
|4 0
|d 2001-02-14
|l 0
|r 2005-01-01 00:00:00
|w 2026-02-23
|